| 000 | 00547nam a22001931 4500 | ||
|---|---|---|---|
| 001 | sa 68002096 | ||
| 003 | DLC | ||
| 005 | 20260227112439.0 | ||
| 008 | 710903s1963 ii d 00000 eng | ||
| 010 | _asa 68002096 | ||
| 025 | _aPL480:I-E-9195 | ||
| 043 | _aa-ii--- | ||
| 050 | 0 |
_aLB3219.I4 _bA47 |
|
| 110 | 1 | 0 |
_aIndia (Republic). _bCommittee on Plan Projects. |
| 245 | 1 | 0 | _aReport on primary school buildings in Delhi. |
| 260 | 1 |
_aNew Delhi, _c1963. |
|
| 300 |
_a31 p. _bfold. chart. _c29 cm. |
||
| 650 | 0 |
_aElementary school buildings _zIndia. |
|
| 999 |
_c78455 _d78455 |
||